000 00695nam a2200241Ia 4500
005 20251020182451.0
008 200515s9999 xx 000 0 und d
020 _a84-8476-165-7
082 _a621.223/E81
100 _aEscudero López, José María
245 0 _aManual de energía eólica : Investigación, diseño, promoción, construcción y explotación de distinto tipo de instalaciones
260 _aMadrid
260 _bMundi-Prensa
260 _c2003
300 _a471 p.
300 _bil., tbl., graf.
490 _aColección energías renovables
500 _a1 ejemplar
650 _aENERGIA EOLICA
650 _aENERGIAS RENOVABLES
942 _cLIB
999 _c854
_d854